Neural network vector quantization for image compression (Record no. 181876)

000 -LEADER
fixed length control field 00659 a2200181 4500
003 - CONTROL NUMBER IDENTIFIER
control field Nust
005 - DATE AND TIME OF LATEST TRANSACTION
control field 20170207153229.0
040 ## - CATALOGING SOURCE
Transcribing agency Nust
082 ## - DEWEY DECIMAL CLASSIFICATION NUMBER
Classification number 621.382
100 ## - MAIN ENTRY--PERSONAL NAME
Personal name Ashraf, Robina (MSEE-8)
245 ## - TITLE STATEMENT
Title Neural network vector quantization for image compression
Statement of responsibility, etc. Robina Ashraf
260 ## - PUBLICATION, DISTRIBUTION, ETC.
Place of publication, distribution, etc. Rawalpindi
Name of publisher, distributor, etc. MCS, NUST
Date of publication, distribution, etc. 2007
300 ## - PHYSICAL DESCRIPTION
Extent x, 73, p.;
505 ## - FORMATTED CONTENTS NOTE
Formatted contents note Introduction (page-1) Image compression techniques (page-5) Vector quantization (page-31) Neural networks (page-42) Proposed NNVQ with experiments and results (page-58) Conclusion and future proSPposed (page-72).
538 ## - SYSTEM DETAILS NOTE
System details note Almirah No 69 Shelf No 1
650 ## - SUBJECT ADDED ENTRY--TOPICAL TERM
Topical term or geographic name entry element MS Thesis
651 ## - SUBJECT ADDED ENTRY--GEOGRAPHIC NAME
Geographic name MSEE-8
942 ## - ADDED ENTRY ELEMENTS (KOHA)
Koha item type
Holdings
Withdrawn status Lost status Source of classification or shelving scheme Damaged status Not for loan Collection code Permanent Location Current Location Date acquired Total Checkouts Full call number Barcode Date last seen Price effective from Koha item type
            Military College of Signals (MCS) Military College of Signals (MCS) 12/12/2016   621.382 ASH MCSTEE-179 12/08/2016 12/12/2016 Book
            Military College of Signals (MCS) Military College of Signals (MCS) 12/12/2016   621.382 ASH MCSTEE-38 12/08/2016 12/12/2016 Book
© 2023 Central Library, National University of Sciences and Technology. All Rights Reserved.